Les Sept Sommets - Statistiques

Statistiques générales
  • Ce quiz a été pris 103 fois
  • Le résultat moyen est 5 sur 9
Statistiques - réponses
Continent Les Sept Sommets % Correct
Asie Everest
97%
Europe Occidentale Mont Blanc
95%
Afrique Kilimandjaro
73%
Amérique du Sud Aconcagua
53%
Europe Elbrouz
52%
Amérique du Nord Denali
44%
Antarctique Massif Vinson
23%
Océanie/Asie Puncak Jaya
17%
Australie Mont Kosciuszko
14%
Aucun quiz correspondant
Distribution des résultats
% des personnes avec chaque résultat
Percentile par nombre de réponses
Votre historique - résultats
Vous n’avez pas pris ce quiz